<?xml version="1.0" encoding="UTF-8"?>
<collection xmlns="http://www.loc.gov/MARC21/slim">
 <record>
  <leader>00606pamaa2200181   4500</leader>
  <controlfield tag="001">0000041740</controlfield>
  <controlfield tag="005">20140919090000.0</controlfield>
  <controlfield tag="008">070327                             eng  </controlfield>
  <datafield tag="020" ind1="0" ind2="0">
   <subfield code="a">Nil (pbk.) </subfield>
  </datafield>
  <datafield tag="090" ind1="0" ind2="0">
   <subfield code="a">QA37.3 </subfield>
   <subfield code="b">INV 2002</subfield>
  </datafield>
  <datafield tag="245" ind1="1" ind2="0">
   <subfield code="a">INVESTIGATING ABS time series data  </subfield>
   <subfield code="c">The Mathematical Association of South Australia.</subfield>
  </datafield>
  <datafield tag="260" ind1="0" ind2="0">
   <subfield code="a">Stepney SA: </subfield>
   <subfield code="b">The Mathematical Association of South Australia Inc, </subfield>
   <subfield code="c">2002.</subfield>
  </datafield>
  <datafield tag="300" ind1=" " ind2=" ">
   <subfield code="a">81p: </subfield>
   <subfield code="b">ill; </subfield>
   <subfield code="c">30 cm.</subfield>
  </datafield>
  <datafield tag="501" ind1="0" ind2="0">
   <subfield code="a">CSAM</subfield>
  </datafield>
  <datafield tag="501" ind1="0" ind2="0">
   <subfield code="a">FAS</subfield>
  </datafield>
  <datafield tag="650" ind1="0" ind2="0">
   <subfield code="a">Mathematics </subfield>
  </datafield>
  <datafield tag="710" ind1="1" ind2="1">
   <subfield code="a">The Mathematical Association of South Australia Inc. </subfield>
  </datafield>
  <datafield tag="901" ind1=" " ind2=" ">
   <subfield code="u">http://www.masa.on.net.au</subfield>
  </datafield>
 </record>
</collection>
